000 00958nmm a2200289 a 4500
001 ocm0001256831
003 TR-IsHL
005 20201028160505.0
008 150709s2014 tu tur
007 cr cn
020 _a9786055904852
035 _a1256831
_b(N$T)
050 0 4 _aPN45
_b.L56 2014
090 0 4 _aPN45
_b.L56 2014
100 1 _aLlosa, Mario Vargas
245 1 0 _aEdebiyata övgü
_h[electronic resource] /
_cMario Vargas Llosa ; Carlos Fuentes ; Türkçesi Celal Üster
260 _aİstanbul :
_bNotos Kitap Yayınevi,
_c2014
300 _a70 p.
650 4 _aDil ve Edebiyat
650 4 _aLanguage and Literature
650 0 _aEdebiyat
_xFelsefe
650 0 _aLiterature
_xPhilosophy
650 7 _aLITERARY COLLECTIONS / Caribbean & Latin American
_2bisacsh
700 1 _aFuentes, Carlos
700 1 _aÜster, Celal
856 4 0 _uhttp://search.ebscohost.com/login.aspx?direct=true&scope=site&db=e011xww&AN=1256831
999 _c13630
_d13630